[Event "Hastings Masters op 92nd"]
[Site "Hastings"]
[Date "2017.01.03"]
[Round "7"]
[White "Tan, Justin Hy"]
[Black "Prosviriakov, Vladimir"]
[Result "1/2-1/2"]
[WhiteElo "2451"]
[BlackElo "2236"]
[PlyCount "77"]
[EventDate "2016.12.28"]
[EventType "swiss"]
[EventRounds "9"]
[EventCountry "ENG"]
[SourceTitle "CBM 176 Extra"]
[Source "ChessBase"]
[SourceDate "2017.03.02"]
[SourceVersion "1"]
[SourceVersionDate "2017.03.02"]
[SourceQuality "1"]

1. e4 e5 2. Nf3 Nc6 3. Bc4 d6 4. c3 g6 5. d4 Bg7 6. 0-0 h6 7. Re1 Nge7 8. h3 0-0 9. Be3 Kh7 10. dxe5 dxe5 11. Qxd8 Nxd8 12. Bc5 Re8 13. a4 Be6 14. Nbd2 Nec6 15. Bf1 Bf8 16. Be3 f6 17. b4 Nf7 18. Nc4 Nd6 19. Nfd2 Bxc4 20. Bxc4 Nxc4 21. Nxc4 b6 22. Kf1 a5 23. b5 Nd8 24. Red1 Nb7 25. Rd7+ Re7 26. Rad1 Rae8 27. Ke2 Kg7 28. R7d5 Re6 29. Nd2 Bc5 30. Nb3 Bxe3 31. Rd7+ R8e7 32. Rxe7+ Rxe7 33. Kxe3 Kf7 34. c4 Ke6 35. c5 f5 36. g3 fxe4 37. c6 Nd6 38. Nd2 Rf7 39. Ke2 1/2-1/2

[Event "Hastings Masters op 92nd"]
[Site "Hastings"]
[Date "2016.12.30"]
[Round "3"]
[White "White, Stuart A"]
[Black "Prosviriakov, Vladimir"]
[Result "0-1"]
[WhiteElo "1999"]
[BlackElo "2236"]
[PlyCount "122"]
[EventDate "2016.12.28"]
[EventType "swiss"]
[EventRounds "9"]
[EventCountry "ENG"]
[SourceTitle "CBM 176 Extra"]
[Source "ChessBase"]
[SourceDate "2017.03.02"]
[SourceVersion "1"]
[SourceVersionDate "2017.03.02"]
[SourceQuality "1"]

1. c4 e5 2. Nc3 d6 3. Nf3 f5 4. d4 e4 5. Ng5 Be7 6. h4 Nf6 7. Nh3 Be6 8. e3 Nbd7 9. Nf4 Bf7 10. Be2 c6 11. d5 Ne5 12. b3 0-0 13. Bb2 Nfg4 14. g3 Bf6 15. Kf1 Qe7 16. dxc6 bxc6 17. Kg2 Rfd8 18. Qd2 Qb7 19. Rad1 Rd7 20. Na4 Rad8 21. Qa5 Qc7 22. Bc3 Qxa5 23. Bxa5 Rc8 24. Rd2 Be7 25. Rhd1 Nf6 26. Bc3 Rcd8 27. Ba5 Re8 28. Bc3 Bf8 29. Bd4 g6 30. Bc3 h6 31. Rh1 Rb7 32. Bd1 Reb8 33. Be2 Re8 34. Ba1 Rbb8 35. Bd4 Rb7 36. Ba1 Rd7 37. Bc3 Bg7 38. Rhd1 Bf8 39. Rh1 Kh7 40. Rhd1 Kg7 41. Nc5 Rc7 42. Na6 Rcc8 43. Nb4 g5 44. hxg5 hxg5 45. Nh3 Kg6 46. Nc2 Nfd7 47. Bb4 c5 48. Bc3 Nf6 49. Ng1 Bg8 50. f4 exf3+ 51. Nxf3 Neg4 52. Rd3 Ne4 53. Be1 Rc7 54. Na3 a6 55. Nc2 Rh7 56. Rb1 Be6 57. Rbd1 Be7 58. Na3 Reh8 59. Nb1 Ne5 60. Nxe5+ dxe5 61. Bf3 Rh1 0-1

[Event "Hastings Masters op 91st"]
[Site "Hastings"]
[Date "2016.01.05"]
[Round "9"]
[White "Hand, Freddie"]
[Black "Prosviriakov, Vladimir"]
[Result "0-1"]
[WhiteElo "1878"]
[BlackElo "2232"]
[PlyCount "64"]
[EventDate "2015.12.28"]
[EventType "swiss"]
[EventRounds "9"]
[EventCountry "ENG"]
[SourceTitle "CBM 170 Extra"]
[Source "ChessBase"]
[SourceDate "2016.02.25"]
[SourceVersion "1"]
[SourceVersionDate "2016.02.25"]
[SourceQuality "1"]

1. d4 d6 2. e4 Nf6 3. f3 d5 4. Nc3 e6 5. Be3 Be7 6. Nge2 b6 7. Nf4 Bb7 8. exd5 exd5 9. Qd2 Na6 10. Be2 c6 11. 0-0 Nc7 12. Rfe1 0-0 13. Bd1 Bd6 14. Nce2 Qd7 15. c3 Rae8 16. Ng3 Ne6 17. Bc2 Qc7 18. Nxe6 fxe6 19. Bf2 Bf4 20. Qd3 g6 21. Nf1 c5 22. Bg3 Nh5 23. Bxf4 Nxf4 24. Qd2 e5 25. dxe5 Rxe5 26. Rxe5 Qxe5 27. Re1 Qg5 28. Bb3 Kg7 29. Ne3 d4 30. cxd4 Bxf3 31. dxc5 Bxg2 32. Qd4+ Kh6 0-1

[Event "Hastings Masters op 91st"]
[Site "Hastings"]
[Date "2016.01.03"]
[Round "7"]
[White "Prosviriakov, Vladimir"]
[Black "Gluckman, Paul"]
[Result "1-0"]
[WhiteElo "2232"]
[BlackElo "1742"]
[PlyCount "91"]
[EventDate "2015.12.28"]
[EventType "swiss"]
[EventRounds "9"]
[EventCountry "ENG"]
[SourceTitle "CBM 170 Extra"]
[Source "ChessBase"]
[SourceDate "2016.02.25"]
[SourceVersion "1"]
[SourceVersionDate "2016.02.25"]
[SourceQuality "1"]

1. d4 Nf6 2. Nf3 g6 3. c4 Bg7 4. Nc3 d5 5. Bg5 Ne4 6. cxd5 Nxc3 7. bxc3 Qxd5 8. e3 Bg4 9. Be2 c5 10. Qb3 Qxb3 11. axb3 Nc6 12. 0-0 h6 13. Bf4 0-0 14. h3 Be6 15. Ra3 g5 16. Bg3 a6 17. Nd2 cxd4 18. cxd4 Bd5 19. Nc4 Bxc4 20. bxc4 f5 21. Bc7 Rac8 22. Bb6 Bf6 23. Rb1 e6 24. Bh5 Be7 25. Rab3 Bd6 26. Bf3 Rf7 27. c5 Bf8 28. d5 Ne5 29. Bh5 Re7 30. d6 Rd7 31. Bc7 Rdxc7 32. dxc7 Rxc7 33. Rxb7 Rxc5 34. R7b6 f4 35. exf4 gxf4 36. Rxa6 Nc4 37. Bg4 Nd2 38. Bxe6+ Kg7 39. Rd1 Rc2 40. Ra4 Kf6 41. Rxf4+ Kxe6 42. Rxf8 Ke7 43. Rh8 Kf7 44. Rxh6 Ne4 45. Rd7+ Kg8 46. Re6 1-0

[Event "Hastings Masters op 91st"]
[Site "Hastings"]
[Date "2015.12.28"]
[Round "1"]
[White "Gormally, Daniel"]
[Black "Prosviriakov, Vladimir"]
[Result "1-0"]
[WhiteElo "2506"]
[BlackElo "2232"]
[PlyCount "77"]
[EventDate "2015.12.28"]
[EventType "swiss"]
[EventRounds "9"]
[EventCountry "ENG"]
[SourceTitle "CBM 170 Extra"]
[Source "ChessBase"]
[SourceDate "2016.02.25"]
[SourceVersion "1"]
[SourceVersionDate "2016.02.25"]
[SourceQuality "1"]

1. d4 e6 2. e4 d5 3. Nd2 a6 4. Ngf3 c5 5. dxc5 Bxc5 6. Bd3 Nc6 7. c3 Nf6 8. Qe2 dxe4 9. Nxe4 Be7 10. 0-0 0-0 11. Nxf6+ Bxf6 12. h4 e5 13. Rd1 Qe7 14. Ng5 g6 15. Be3 Be6 16. Nxe6 Qxe6 17. Bc4 Qe7 18. Qg4 Rfd8 19. h5 Kg7 20. Bb6 Rd6 21. Rxd6 Qxd6 22. Rd1 Nd4 23. cxd4 Qxb6 24. dxe5 Bxe5 25. Rd7 Rf8 26. h6+ Kxh6 27. Bxf7 Qf6 28. Qh3+ Kg5 29. g3 h5 30. f4+ Kh6 31. fxe5 Qb6+ 32. Kh1 Qc6+ 33. Kh2 Qf3 34. e6 Rc8 35. Qg2 Qf5 36. Qd2+ g5 37. Rd5 Qg4 38. Qf2 Kg7 39. Rd7 1-0

[Event "London Classic op 7th"]
[Site "London"]
[Date "2015.12.06"]
[Round "4"]
[White "Prosviriakov, Vladimir"]
[Black "Gledura, Benjamin"]
[Result "0-1"]
[WhiteElo "2232"]
[BlackElo "2513"]
[PlyCount "64"]
[EventDate "2015.12.04"]
[EventType "swiss"]
[EventRounds "9"]
[EventCountry "ENG"]
[SourceTitle "CBM 169 Extra"]
[Source "ChessBase"]
[SourceDate "2015.12.18"]
[SourceVersion "1"]
[SourceVersionDate "2015.12.18"]
[SourceQuality "1"]

1. e4 e5 2. Nf3 Nc6 3. Bb5 a6 4. Ba4 Nf6 5. Qe2 d6 6. c3 b5 7. Bc2 Be7 8. d4 exd4 9. Nxd4 Bd7 10. 0-0 0-0 11. a4 Re8 12. Bg5 g6 13. Nd2 Nh5 14. Be3 Nxd4 15. cxd4 c5 16. f4 Nf6 17. h3 Bf8 18. Qf3 cxd4 19. Bxd4 Bg7 20. Qf2 bxa4 21. e5 Nd5 22. Nc4 dxe5 23. fxe5 Rf8 24. Bc5 Bb5 25. Bxf8 Qxf8 26. Bd3 Rc8 27. Qd4 Qc5 28. Qxc5 Rxc5 29. Rac1 Bh6 30. Rc2 Nb4 31. Re2 Nxd3 32. Nd6 Nf4 0-1

[Event "San Sebastian op 38th"]
[Site "San Sebastian"]
[Date "2015.04.04"]
[Round "9"]
[White "Vazquez Igarza, Renier"]
[Black "Prosviriakov, Vladimir"]
[Result "1-0"]
[WhiteElo "2596"]
[BlackElo "2227"]
[PlyCount "89"]
[EventDate "2015.03.28"]
[EventType "swiss"]
[EventRounds "9"]
[EventCountry "ESP"]
[SourceTitle "CBM 165 Extra"]
[Source "ChessBase"]
[SourceDate "2015.04.21"]
[SourceVersion "1"]
[SourceVersionDate "2015.04.21"]
[SourceQuality "1"]

1. d4 e6 2. g3 Nf6 3. Bg2 d5 4. c4 Bb4+ 5. Bd2 Bxd2+ 6. Nxd2 c6 7. Ngf3 Nbd7 8. 0-0 0-0 9. Qc2 b6 10. e4 dxe4 11. Nxe4 Nxe4 12. Qxe4 Ba6 13. b3 Rc8 14. Rfd1 c5 15. dxc5 Nxc5 16. Rxd8 Nxe4 17. Rd7 f5 18. Rxa7 Ra8 19. Rxa8 Rxa8 20. Ng5 Bb7 21. Nxe4 Bxe4 22. Bxe4 fxe4 23. Kf1 Kf7 24. Ke2 Kf6 25. a4 Ke5 26. Ke3 Rf8 27. b4 Rf3+ 28. Ke2 Rc3 29. a5 Rc2+ 30. Ke3 Rxc4 31. a6 Rc8 32. b5 g5 33. Kd2 Rf8 34. Kc3 Rd8 35. a7 Ra8 36. Ra6 Kd5 37. Kb4 e5 38. g4 e3 39. fxe3 Ke4 40. Ra3 Kd5 41. Ra4 Ke4 42. Kc4 Kxe3 43. Kd5 Kd3 44. Kxe5 Kc3 45. Kd5 1-0

[Event "San Sebastian op 38th"]
[Site "San Sebastian"]
[Date "2015.04.01"]
[Round "6"]
[White "Prosviriakov, Vladimir"]
[Black "Bayo Milagro, Alvaro"]
[Result "1/2-1/2"]
[WhiteElo "2227"]
[BlackElo "1996"]
[PlyCount "60"]
[EventDate "2015.03.28"]
[EventType "swiss"]
[EventRounds "9"]
[EventCountry "ESP"]
[SourceTitle "CBM 165 Extra"]
[Source "ChessBase"]
[SourceDate "2015.04.21"]
[SourceVersion "1"]
[SourceVersionDate "2015.04.21"]
[SourceQuality "1"]

1. d4 d5 2. Bf4 c6 3. e3 Nf6 4. c4 Nbd7 5. Nc3 e6 6. Nf3 Be7 7. Ne5 0-0 8. cxd5 Nxd5 9. Nxd5 exd5 10. Bd3 Bb4+ 11. Kf1 Nxe5 12. dxe5 f5 13. h4 Be6 14. Qc2 Qd7 15. g4 Be7 16. Rd1 g6 17. g5 Rac8 18. h5 Kg7 19. f3 c5 20. hxg6 hxg6 21. Rh6 Rh8 22. Qh2 Qc6 23. Kg2 Rcg8 24. Qh1 Rxh6 25. Qxh6+ Kf7 26. Qh7+ Rg7 27. Qh8 Rg8 28. Qh4 Qa4 29. Bb1 Qb4 30. Qf2 Bf8 1/2-1/2

[Event "Gibraltar Masters 13th"]
[Site "Caleta"]
[Date "2015.02.01"]
[Round "6"]
[White "Jones, Gawain C B"]
[Black "Prosviriakov, Vladimir"]
[Result "1-0"]
[WhiteElo "2671"]
[BlackElo "2257"]
[PlyCount "77"]
[EventDate "2015.01.27"]
[EventType "swiss"]
[EventRounds "10"]
[EventCountry "GGB"]
[SourceTitle "CBM 165"]
[Source "ChessBase"]
[SourceDate "2015.03.11"]
[SourceVersion "1"]
[SourceVersionDate "2015.03.11"]
[SourceQuality "1"]

1. e4 e5 2. Nf3 Nc6 3. d4 exd4 4. Nxd4 g6 5. Nc3 Bg7 6. Nxc6 bxc6 7. Bc4 Ne7 8. Bg5 h6 9. Qf3 0-0 10. Bf6 Bxf6 11. Qxf6 d5 12. 0-0-0 Be6 13. Rd2 Qd7 14. Rhd1 Rad8 15. Bb3 Kh7 16. Qd4 a6 17. exd5 cxd5 18. Bxd5 Nxd5 19. Nxd5 Bxd5 20. Qxd5 Qa4 21. Qb3 Qxb3 22. cxb3 Rxd2 23. Rxd2 Rc8 24. Rc2 c6 25. b4 Kg7 26. a4 Kf6 27. Rc5 Ke6 28. b5 Kd6 29. Rxc6+ Rxc6+ 30. bxc6 a5 31. Kc2 Kxc6 32. Kc3 Kc5 33. h4 f6 34. g4 h5 35. gxh5 gxh5 36. b4+ axb4+ 37. Kb3 f5 38. f4 Kd4 39. Kxb4 1-0

[Event "Gibraltar Masters 13th"]
[Site "Caleta"]
[Date "2015.01.31"]
[Round "5"]
[White "Prosviriakov, Vladimir"]
[Black "Othman, Mustapha"]
[Result "1-0"]
[WhiteElo "2257"]
[BlackElo "1968"]
[PlyCount "73"]
[EventDate "2015.01.27"]
[EventType "swiss"]
[EventRounds "10"]
[EventCountry "GGB"]
[SourceTitle "CBM 165"]
[Source "ChessBase"]
[SourceDate "2015.03.11"]
[SourceVersion "1"]
[SourceVersionDate "2015.03.11"]
[SourceQuality "1"]

1. e4 c5 2. Nf3 d6 3. d4 cxd4 4. Qxd4 Nc6 5. Bb5 Bd7 6. Bxc6 bxc6 7. c4 e5 8. Qd3 Be7 9. Nc3 Qc7 10. 0-0 h5 11. Rd1 Rd8 12. b4 Nh6 13. b5 Be6 14. bxc6 Qxc6 15. Nd5 Bxd5 16. cxd5 Qa4 17. Re1 Rc8 18. Qb3 Qd7 19. h3 Bd8 20. Be3 f5 21. Bxh6 Rxh6 22. exf5 Qxf5 23. Nd4 Qd7 24. a4 Kf7 25. Ne6 Ba5 26. Re3 Rf6 27. Rg3 g6 28. Rf3 Rxf3 29. Qxf3+ Kg8 30. Qg3 Qf7 31. Ra3 Rc1+ 32. Kh2 Bd2 33. Rf3 Bf4 34. Nxf4 exf4 35. Rxf4 Qg7 36. Qe3 Rc8 37. Qe6+ 1-0

[Event "Gibraltar Masters 13th"]
[Site "Caleta"]
[Date "2015.01.28"]
[Round "2"]
[White "Lien, Kjell Hakon"]
[Black "Prosviriakov, Vladimir"]
[Result "1/2-1/2"]
[WhiteElo "2020"]
[BlackElo "2257"]
[PlyCount "111"]
[EventDate "2015.01.27"]
[EventType "swiss"]
[EventRounds "10"]
[EventCountry "GGB"]
[SourceTitle "CBM 165"]
[Source "ChessBase"]
[SourceDate "2015.03.11"]
[SourceVersion "1"]
[SourceVersionDate "2015.03.11"]
[SourceQuality "1"]

1. c4 e5 2. Nc3 d6 3. Nf3 f5 4. d4 e4 5. Ng5 Be7 6. Nh3 Nf6 7. e3 c6 8. Nf4 Na6 9. Be2 Nc7 10. d5 c5 11. a3 0-0 12. h4 Nd7 13. g3 Ne5 14. b4 b6 15. Bb2 g6 16. b5 Bf6 17. a4 a6 18. Qc2 Bd7 19. 0-0-0 axb5 20. axb5 Qe7 21. Kd2 Rfe8 22. Ra1 Qf8 23. Rhb1 Reb8 24. Qd1 Kf7 25. Qc1 Qc8 26. Qd1 Bg7 27. Rxa8 Rxa8 28. Ra1 Bf6 29. Ra4 Rxa4 30. Qxa4 Qb8 31. Qa1 Ne8 32. Qa2 Bg7 33. Nd1 Nf6 34. Bxe5 dxe5 35. Ng2 Ne8 36. Nc3 Nd6 37. Qa1 h6 38. Qa2 Ke7 39. Qa1 g5 40. hxg5 hxg5 41. Qh1 Qh8 42. Qxh8 Bxh8 43. Na4 Nc8 44. Nc3 Kd8 45. g4 Nd6 46. gxf5 Bxf5 47. Ke1 Bh3 48. Kf1 Bf6 49. Kg1 Ke8 50. Kh2 Bf5 51. Nb1 Kf7 52. Nd2 Kg6 53. Bd1 g4 54. Ne1 Bh4 55. Kg2 Kf7 56. Nf1 1/2-1/2

[Event "London Classic op 6th"]
[Site "London"]
[Date "2014.12.10"]
[Round "3"]
[White "Prosviriakov, Vladimir"]
[Black "Lane, Peter Christopher"]
[Result "1/2-1/2"]
[WhiteElo "2271"]
[BlackElo "2043"]
[PlyCount "67"]
[EventDate "2014.12.08"]
[EventType "swiss"]
[EventRounds "9"]
[EventCountry "ENG"]
[SourceTitle "CBM 163 Extra"]
[Source "ChessBase"]
[SourceDate "2014.12.23"]
[SourceVersion "1"]
[SourceVersionDate "2014.12.23"]
[SourceQuality "1"]

1. Nf3 Nf6 2. c4 g6 3. b4 a5 4. b5 Bg7 5. Bb2 d6 6. g3 0-0 7. Bg2 e5 8. 0-0 Nbd7 9. Nc3 Nc5 10. Na4 Nfe4 11. d3 Nxa4 12. Qxa4 Nc5 13. Qc2 Bg4 14. h3 Be6 15. Nd2 a4 16. Rad1 f5 17. e3 f4 18. exf4 Bf5 19. Ne4 Bxe4 20. Bxe4 Nxe4 21. dxe4 exf4 22. Bxg7 Kxg7 23. Qc3+ Qf6 24. Qxf6+ Rxf6 25. g4 f3 26. Rfe1 Re8 27. Re3 Rf4 28. Rd4 b6 29. Kh2 Re5 30. Kg3 g5 31. h4 h6 32. hxg5 hxg5 33. Re1 Kg6 34. Re3 1/2-1/2

[Event "Moscow Petrosian Memorial"]
[Site "Moscow"]
[Date "2014.06.30"]
[Round "5"]
[White "Prosviriakov, Vladimir"]
[Black "Dogodkina, Julia"]
[Result "1/2-1/2"]
[WhiteElo "2267"]
[BlackElo "2183"]
[PlyCount "29"]
[EventDate "2014.06.28"]
[EventType "tourn"]
[EventRounds "9"]
[EventCountry "RUS"]
[EventCategory "2"]
[SourceTitle "CBM 161 Extra"]
[Source "ChessBase"]
[SourceDate "2014.08.29"]
[SourceVersion "1"]
[SourceVersionDate "2014.08.29"]
[SourceQuality "1"]

1. d4 d5 2. c4 c6 3. cxd5 cxd5 4. Nc3 Nf6 5. Bf4 e6 6. Nf3 a6 7. e3 Bd6 8. Bxd6 Qxd6 9. Bd3 Nc6 10. 0-0 0-0 11. a3 b5 12. Qe2 Bb7 13. Rac1 Rac8 14. Rfd1 Rfd8 15. h3 1/2-1/2

[Event "San Sebastian op 37th"]
[Site "San Sebastian"]
[Date "2014.04.18"]
[Round "8"]
[White "Prosviriakov, Vladimir"]
[Black "Gonzalez Pereira, Asier"]
[Result "0-1"]
[WhiteElo "2282"]
[BlackElo "2035"]
[PlyCount "57"]
[EventDate "2014.04.12"]
[EventType "swiss"]
[EventRounds "9"]
[EventCountry "ESP"]
[SourceTitle "CBM 159 Extra"]
[Source "ChessBase"]
[SourceDate "2014.04.24"]
[SourceVersion "1"]
[SourceVersionDate "2014.04.24"]
[SourceQuality "1"]

1. e4 c5 2. Nc3 g6 3. f4 Bg7 4. Nf3 Nc6 5. Bc4 e6 6. 0-0 Nge7 7. Qe1 Nb4 8. Bb3 c4 9. Ba4 a6 10. a3 Nbc6 11. Bxc6 bxc6 12. d3 cxd3 13. cxd3 0-0 14. Be3 Rb8 15. Qf2 d6 16. d4 d5 17. e5 Nf5 18. b4 a5 19. Rfb1 axb4 20. axb4 Qe7 21. Ra4 Nxe3 22. Qxe3 Rb7 23. Ne1 Bd7 24. Nd3 c5 25. Nxc5 Bxa4 26. Nxb7 Bc2 27. Rb2 Qxb7 28. Rxc2 Qxb4 29. Ne2 0-1

[Event "San Sebastian op 37th"]
[Site "San Sebastian"]
[Date "2014.04.17"]
[Round "7"]
[White "Pedrajas Estepa, Manuel"]
[Black "Prosviriakov, Vladimir"]
[Result "1/2-1/2"]
[WhiteElo "2055"]
[BlackElo "2282"]
[PlyCount "56"]
[EventDate "2014.04.12"]
[EventType "swiss"]
[EventRounds "9"]
[EventCountry "ESP"]
[SourceTitle "CBM 159 Extra"]
[Source "ChessBase"]
[SourceDate "2014.04.24"]
[SourceVersion "1"]
[SourceVersionDate "2014.04.24"]
[SourceQuality "1"]

1. e4 e5 2. Nf3 Nc6 3. Bc4 d6 4. c3 g6 5. d4 Qe7 6. 0-0 Bg7 7. Bg5 Nf6 8. Nbd2 0-0 9. Re1 h6 10. Bh4 g5 11. Bg3 Bg4 12. dxe5 dxe5 13. Bb5 Nd7 14. Nf1 h5 15. h3 Be6 16. Ne3 h4 17. Bh2 f6 18. Bc4 Bxc4 19. Nxc4 Nc5 20. Qd5+ Kh7 21. b4 Na4 22. Qd2 Rfd8 23. Qc2 b5 24. Ne3 Nb6 25. Qe2 a6 26. g3 hxg3 27. Bxg3 Qf7 28. h4 Qg6 1/2-1/2

[Event "Reykjavik op"]
[Site "Reykjavik"]
[Date "2014.03.05"]
[Round "3"]
[White "Fehr, Axel"]
[Black "Prosviriakov, Vladimir"]
[Result "0-1"]
[WhiteElo "2101"]
[BlackElo "2269"]
[PlyCount "92"]
[EventDate "2014.03.04"]
[EventType "swiss"]
[EventRounds "10"]
[EventCountry "ISL"]
[SourceTitle "CBM 159 Extra"]
[Source "ChessBase"]
[SourceDate "2014.04.24"]
[SourceVersion "1"]
[SourceVersionDate "2014.04.24"]
[SourceQuality "1"]

1. c4 e5 2. g3 d6 3. Bg2 f5 4. Nc3 Nf6 5. d3 Be7 6. e4 c6 7. Nge2 Na6 8. 0-0 0-0 9. h3 Qe8 10. exf5 Bxf5 11. g4 Nxg4 12. hxg4 Bxg4 13. f3 Be6 14. Be3 Qg6 15. f4 Bh3 16. Rf2 Bh4 17. Qf1 Bxf2+ 18. Qxf2 Bxg2 19. Qxg2 Qxd3 20. Qe4 Qxe4 21. Nxe4 exf4 22. Bxf4 Rae8 23. N4c3 Re6 24. Rd1 Rg6+ 25. Kh2 Rf5 26. Bg3 Nb4 27. Rd4 Nc2 28. Re4 Kf7 29. Nf4 Rh6+ 30. Kg2 g5 31. Nh3 Rhf6 32. Re2 Nd4 33. Rd2 Nf3 34. Rd1 Re6 35. Rf1 g4 36. Nf4 Ref6 37. Rh1 Rxf4 38. Bxf4 Rxf4 39. Rxh7+ Ke6 40. Rxb7 Rxc4 41. Rxa7 d5 42. Rb7 d4 43. Ne4 d3 44. Nc3 d2 45. Nd1 Rc1 46. Ne3 Re1 0-1

[Event "Graz Casino op-A"]
[Site "Graz"]
[Date "2014.02.16"]
[Round "4"]
[White "Prosviriakov, Vladimir"]
[Black "Goessler, Markus"]
[Result "1/2-1/2"]
[WhiteElo "2268"]
[BlackElo "2154"]
[PlyCount "29"]
[EventDate "2014.02.14"]
[EventType "swiss"]
[EventRounds "9"]
[EventCountry "AUT"]
[SourceTitle "CBM 158 Extra"]
[Source "ChessBase"]
[SourceDate "2014.02.28"]
[SourceVersion "1"]
[SourceVersionDate "2014.02.28"]
[SourceQuality "1"]

1. d4 Nf6 2. Nf3 d5 3. Bf4 e6 4. e3 Bd6 5. Nbd2 b6 6. Ne5 0-0 7. Bd3 c5 8. c3 Ba6 9. Bxa6 Nxa6 10. Qf3 Qc7 11. 0-0 Rac8 12. a4 Nb8 13. Qe2 Nfd7 14. Nxd7 Nxd7 15. Bxd6 1/2-1/2

[Event "Graz Casino op-A"]
[Site "Graz"]
[Date "2014.02.15"]
[Round "2"]
[White "Prosviriakov, Vladimir"]
[Black "Kozul, Zdenko"]
[Result "0-1"]
[WhiteElo "2268"]
[BlackElo "2588"]
[PlyCount "98"]
[EventDate "2014.02.14"]
[EventType "swiss"]
[EventRounds "9"]
[EventCountry "AUT"]
[SourceTitle "CBM 158 Extra"]
[Source "ChessBase"]
[SourceDate "2014.02.28"]
[SourceVersion "1"]
[SourceVersionDate "2014.02.28"]
[SourceQuality "1"]

1. d4 Nf6 2. Bg5 c6 3. Bxf6 exf6 4. e3 d5 5. Bd3 f5 6. Qf3 g6 7. Ne2 Nd7 8. c4 dxc4 9. Bxc4 Nf6 10. Nbc3 Bd6 11. Nf4 0-0 12. 0-0 Re8 13. Rfd1 a6 14. a3 Qe7 15. Ba2 Ne4 16. Rac1 g5 17. Nh5 Nxc3 18. Rxc3 g4 19. Qe2 Qh4 20. Ng3 f4 21. Nf1 Bf5 22. Bb1 Bxb1 23. Rxb1 Rad8 24. e4 h5 25. e5 Bb8 26. Qe4 Qg5 27. Re1 Ba7 28. Rd3 f5 29. Qe2 Bxd4 30. Qd1 c5 31. e6 Qf6 32. b4 b6 33. bxc5 bxc5 34. Qb3 Rd6 35. Rd2 Kg7 36. Rde2 Re7 37. Kh1 h4 38. h3 c4 39. Qxc4 gxh3 40. Qb3 hxg2+ 41. Kxg2 Bc3 42. Rc1 Rd3 43. f3 h3+ 44. Kh1 Qd4 45. Nh2 Bd2 46. Rxd2 Rxd2 47. Rg1+ Rg2 48. Rxg2+ hxg2+ 49. Kxg2 Qd2+ 0-1

[Event "Hastings Masters op 89th"]
[Site "Hastings"]
[Date "2014.01.05"]
[Round "9"]
[White "Sugden, John N"]
[Black "Prosviriakov, Vladimir"]
[Result "1/2-1/2"]
[WhiteElo "2138"]
[BlackElo "2282"]
[PlyCount "87"]
[EventDate "2013.12.28"]
[EventType "swiss"]
[EventRounds "9"]
[EventCountry "ENG"]
[SourceTitle "CBM 158 Extra"]
[Source "ChessBase"]
[SourceDate "2014.02.28"]
[SourceVersion "1"]
[SourceVersionDate "2014.02.28"]
[SourceQuality "1"]

1. d4 e6 2. c4 Nf6 3. Nc3 Bb4 4. a3 Bxc3+ 5. bxc3 c5 6. f3 d5 7. cxd5 Nxd5 8. dxc5 Qa5 9. e4 Nf6 10. Be3 0-0 11. Qb3 Na6 12. Bxa6 Qxa6 13. Ne2 e5 14. Kf2 Be6 15. Qb4 Rac8 16. Rhd1 Qc6 17. Rab1 Rb8 18. Qa5 Rfc8 19. Qxa7 Nd7 20. Qa5 h6 21. Rd6 Qc7 22. Qxc7 Rxc7 23. c6 Rxc6 24. Rxc6 bxc6 25. Rxb8+ Nxb8 26. Ng3 Bc4 27. Nf5 Bb5 28. Ba7 Nd7 29. Ne3 g6 30. c4 Ba4 31. Nf1 c5 32. Ne3 Kf8 33. Nd5 Bb3 34. Nb6 Ke7 35. Nxd7 Kxd7 36. Bxc5 Bxc4 37. Be3 h5 38. a4 Ke6 39. a5 f5 40. exf5+ Kxf5 41. g3 e4 42. f4 h4 43. Bb6 Kg4 44. Kg2 1/2-1/2